Φθινοπωρινή μετανάστευση των στρουθιόμορφων πουλιών στη Λέσβο : πτυχιακή εργασία
Αποθηκεύτηκε σε:
| Κύριος συγγραφέας: | |
|---|---|
| Συγγραφή απο Οργανισμό/Αρχή: | |
| Άλλοι συγγραφείς: | , |
| Μορφή: | Thesis Βιβλίο |
| Γλώσσα: | Greek |
| Δημοσίευση: |
Μυτιλήνη :
Πανεπιστήμιο Αιγαίου, Τμήμα Περιβάλλοντος,
1995
|
| Θέματα: | |
| Διαθέσιμο Online: | http://hdl.handle.net/11610/9934 |
| Ετικέτες: |
Προσθήκη ετικέτας
Δεν υπάρχουν, Καταχωρήστε ετικέτα πρώτοι!
|
MARC
| LEADER | 00000cam a2200000 i 4500 | ||
|---|---|---|---|
| 001 | 1/5475 | ||
| 008 | 000605s1995 gre d | ||
| 035 | |l 10061595 | ||
| 040 | |a GR-MY-UA |b gre |e aacr | ||
| 041 | 0 | |a gre | |
| 082 | 0 | |a 598.15 |2 (22) | |
| 100 | 1 | |a Αθανασίου, Μίλτος. | |
| 245 | 1 | 0 | |a Φθινοπωρινή μετανάστευση των στρουθιόμορφων πουλιών στη Λέσβο : |b πτυχιακή εργασία / |c Αθανασίου Μίλτος, Χαλούδη Αθήνα, Χατζηνικολάου Γιώργος ; υπεύθυνος καθηγητής: Τ. Ακριώτης |
| 260 | |a Μυτιλήνη : |b Πανεπιστήμιο Αιγαίου, Τμήμα Περιβάλλοντος, |c 1995 | ||
| 300 | |a 185 σ.; |b πιν., σχ., χάρτες; |c 30 εκ. | ||
| 502 | |a Πτυχιακή εργασία – Πανεπιστήμιο Αιγαίου, Λέσβος, 1995. | ||
| 504 | |a Περιέχει παραρτήματα και βιβλιογραφία | ||
| 650 | 0 | |a Bird surveys |z Greece |z Lesbos (Municipality) | |
| 650 | 0 | 0 | |a Birds |x Migration. |
| 650 | 0 | 0 | |a Birds |z Greece |z Lesbos (Municipality) |
| 650 | 0 | 0 | |a Dissertations, Academic |z Greece. |
| 700 | 1 | |a Χαλούδη, Αθήνα. | |
| 700 | 1 | |a Χατζηνικολάου, Γιώργος. | |
| 700 | 1 | |a Ακριώτης, Τριαντάφυλλος, |e dgs | |
| 710 | 2 | |a Πανεπιστήμιο Αιγαίου. |b Σχολή Περιβάλλοντος. |b Τμήμα Περιβάλλοντος. | |
| 852 | |a INST |b LESVOS |c DIATR |e 20000605 |h 249 |p 005100026045 |q 005100026045 |t DIE |y 23 | ||
| 852 | |a INST |b LESVOS |c DIATR |e 20000605 |h 250 |p 005100026046 |q 005100026046 |t DIE |y 23 | ||
| 856 | |u http://hdl.handle.net/11610/9934 | ||
| 901 | |a BIBL1-2000-2 | ||
| 909 | |a Λ |b 080264 | ||
| 909 | |a Λ |b 080265 | ||
| 924 | |a ΑΘΑΝΑΣΙΟΥ |b ΜΙΛΤΟΣ |y ΛΕΣΒΟΣ |z 1996-03 | ||
| 924 | |a ΧΑΔΟΥΛΗ |b ΑΘΗΝΑ |y ΛΕΣΒΟΣ |z 1996-03 | ||
| 924 | |a ΧΑΤΖΗΝΙΚΟΛΑΟΥ |b ΓΙΩΡΓΟΣ |y ΛΕΣΒΟΣ |z 1996-03 | ||
| 970 | |a ΑΙΒΑΤΖΙΔΟΥ |b ΕΛΕΝΗ |z 2000/06/05 | ||